| 000 | 01801nam a2200541 i 4500 | ||
|---|---|---|---|
| 001 | 46049 | ||
| 003 | KOSZ 005 | ||
| 005 | 20220323113534.0 | ||
| 008 | 040528s2004 pl a f f |000 0 pol | ||
| 015 | _aUWD 2004/10538 | ||
| 020 | _a837160338X | ||
| 035 | _a991023797529705066 | ||
| 035 | _a(PL-WaBN)b16517234-48omnis_nlop | ||
| 035 | _ab16517234 | ||
| 035 | _a(OCoLC)749556753 | ||
| 035 | _azz2004967694 | ||
| 035 | _a(PL)b0000001651723 | ||
| 035 | _a(EXLNZ-48OMNIS_NETWORK)9910483331105606 | ||
| 040 |
_aWA N _cWA N _dKOSZ 005/HR |
||
| 041 | 0 | _apol | |
| 080 | _a579.67 | ||
| 080 | _a614.3 | ||
| 080 | _a(075.8) | ||
| 100 | 1 |
_aTrojanowska, Krystyna _d(1937- ) _eAutor |
|
| 245 | 1 | 0 |
_aMikrobiologia żywności / _cKrystyna Trojanowska, Helena Giebel, Barbara Gołębiowska. |
| 250 | _aWyd. 3. | ||
| 260 |
_aPoznań : _bWydawnctwo Akademii Rolniczej im. Augusta Cieszkowskiego, _c2004. |
||
| 300 |
_a157 s. : _bfot., rys., tab. ; _c24 cm. |
||
| 336 |
_aTekst _btxt _2rdacontent |
||
| 337 |
_aBez urządzenia pośredniczącego _bn _2rdamedia |
||
| 338 |
_aWolumin _bnc _2rdacarrier |
||
| 380 | _aKsiążki | ||
| 380 | _aPublikacje dydaktyczne | ||
| 385 |
_mPoziom nauczania _aSzkoły wyższe |
||
| 388 | _a2001- | ||
| 504 | _aBibliogr. s. 157. | ||
| 650 | 7 |
_aŻywność _2DBN |
|
| 650 | 7 | _aMikrobiologia | |
| 650 | 7 | _aBiologia sanitarna | |
| 655 | 7 |
_aPodręczniki akademickie _2DBN |
|
| 658 | _aBiologia | ||
| 700 | 1 |
_aGiebel, Helena _eAutor |
|
| 700 | 1 |
_aGołębiowska, Barbara _eAutor |
|
| 710 | 2 |
_aWydawnictwo Akademii Rolniczej (Poznań) _4pbl |
|
| 856 |
_uhttp://koha.tu.koszalin.pl/cgi-bin/koha/opac-detail.pl?biblionumber=46049 _yKatalog online BPK |
||
| 942 |
_2UKD _cKS |
||
| 999 |
_c46049 _d46049 |
||